[Event "Oregon-ch"]
[Site "Portland"]
[Date "2018.09.23"]
[Round "8"]
[White "Zhang, Gavin"]
[Black "Grabinsky, Joshua"]
[Result "0-1"]
[WhiteElo "2015"]
[BlackElo "2214"]
[PlyCount "128"]
[EventDate "2018.09.14"]
[EventType "tourn"]
[EventRounds "9"]
[EventCountry "USA"]
[SourceTitle "EXT 2024"]
[Source "ChessBase"]
[SourceDate "2023.10.10"]
[SourceVersion "1"]
[SourceVersionDate "2023.10.10"]
[SourceQuality "1"]

1. d4 Nf6 2. c4 e6 3. g3 d5 4. Nf3 Be7 5. Bg2 0-0 6. Qc2 a6 7. cxd5 exd5 8. Bf4 Nc6 9. a3 Bg4 10. Qd3 Ne4 11. Nfd2 Bf5 12. Nxe4 Bxe4 13. Bxe4 dxe4 14. Qxe4 Qxd4 15. Nc3 Rfe8 16. Qxd4 Nxd4 17. 0-0-0 Bf6 18. e3 Ne6 19. Nd5 Bd8 20. Be5 Ng5 21. Bd4 Rc8 22. Kb1 Be7 23. Nxe7+ Rxe7 24. Bc5 Re6 25. Bb4 c5 26. Rc1 Rec6 27. Bc3 Rd8 28. Rhd1 Rcd6 29. Kc2 f5 30. Ba5 Rxd1 31. Rxd1 Rxd1 32. Kxd1 b5 33. Bb6 Ne6 34. Ke2 Kf7 35. Kd3 Ke7 36. a4 Kd6 37. axb5 axb5 38. Ba5 b4 39. Kc4 Kc6 40. h4 g5 41. hxg5 Nxg5 42. Bd8 Ne4 43. Be7 h5 44. Bf8 Nd2+ 45. Kd3 Nf3 46. Bg7 Kd5 47. Ke2 Ng5 48. f3 Ne6 49. Bf6 Kc4 50. Kd2 Kb3 51. e4 fxe4 52. f4 Kc4 53. f5 Nf8 54. Be7 Nd7 55. Ke3 Kd5 56. f6 Ke6 57. Kxe4 Nxf6+ 58. Bxf6 Kxf6 59. Kd5 Kf5 60. Kxc5 Kg4 61. Kxb4 Kxg3 62. Ka5 h4 63. b4 h3 64. b5 h2 0-1

[Event "Oregon-ch"]
[Site "Portland"]
[Date "2018.09.22"]
[Round "7"]
[White "Janniro, Mike E"]
[Black "Zhang, Gavin"]
[Result "1-0"]
[WhiteElo "2040"]
[BlackElo "2015"]
[PlyCount "95"]
[EventDate "2018.09.14"]
[EventType "tourn"]
[EventRounds "9"]
[EventCountry "USA"]
[SourceTitle "EXT 2024"]
[Source "ChessBase"]
[SourceDate "2023.10.10"]
[SourceVersion "1"]
[SourceVersionDate "2023.10.10"]
[SourceQuality "1"]

1. c4 Nf6 2. g3 c5 3. Bg2 e6 4. Nf3 Nc6 5. Nc3 Be7 6. 0-0 0-0 7. d4 cxd4 8. Nxd4 a6 9. b3 Qc7 10. Bb2 d6 11. Rc1 Ne5 12. Qd2 Bd7 13. f4 Ng6 14. e4 Rfe8 15. Kh1 Rad8 16. f5 Nf8 17. fxe6 fxe6 18. Qe2 Qb8 19. Rce1 Qa7 20. Nf3 Bc6 21. e5 Ng4 22. Nd1 d5 23. Nd4 Nh6 24. Ne3 Bc5 25. Nxc6 bxc6 26. Bc1 Ng6 27. Nc2 Nf5 28. b4 Nd4 29. Nxd4 Bxd4 30. Bf4 Bc3 31. Rb1 Qd4 32. cxd5 cxd5 33. Qxa6 Nxe5 34. Rfd1 Qc4 35. b5 Ng4 36. Rf1 Bd4 37. h3 Nf2+ 38. Kh2 Ra8 39. Qc6 Qxa2 40. b6 Rac8 41. Bc7 Qa6 42. Bxd5 Qe2 43. Bg2 Nxh3 44. Rbe1 Qd2 45. Rxe6 Rf8 46. Rxf8+ Rxf8 47. Re8 Ng1 48. Qe6+ 1-0

[Event "Oregon-ch"]
[Site "Portland"]
[Date "2018.09.16"]
[Round "5"]
[White "Haessler, Carl A"]
[Black "Zhang, Gavin"]
[Result "1/2-1/2"]
[WhiteElo "2200"]
[BlackElo "2015"]
[PlyCount "122"]
[EventDate "2018.09.14"]
[EventType "tourn"]
[EventRounds "9"]
[EventCountry "USA"]
[SourceTitle "EXT 2024"]
[Source "ChessBase"]
[SourceDate "2023.10.10"]
[SourceVersion "1"]
[SourceVersionDate "2023.10.10"]
[SourceQuality "1"]

1. e4 c5 2. Nf3 e6 3. d3 Nc6 4. g3 d6 5. Bg2 g6 6. 0-0 Bg7 7. Nc3 Nge7 8. Nh4 0-0 9. f4 f5 10. Be3 a6 11. Qd2 Bd7 12. Rae1 Nd4 13. Nd1 Qc7 14. c3 Ndc6 15. e5 dxe5 16. Bxc5 Rf7 17. fxe5 Nxe5 18. d4 Ng4 19. c4 Nc6 20. d5 Nce5 21. Bd4 Nxc4 22. Qc3 e5 23. b3 Bb5 24. Bf2 Nd6 25. Qxc7 Rxc7 26. Bb6 Rc2 27. h3 Bxf1 28. Bxf1 Nh6 29. Ne3 Rcc8 30. g4 f4 31. Nc4 Nhf7 32. Nf3 e4 33. Nxd6 Nxd6 34. Ng5 Bc3 35. Rxe4 Nxe4 36. Nxe4 Be5 37. Bc4 Kg7 38. Kg2 Bc7 39. Bd4+ Kf8 40. d6 Bd8 41. g5 Ba5 42. Kf3 Bb4 43. Bd5 Rd8 44. Be5 Re8 45. Kxf4 Ba3 46. Nf6 Rxe5 47. Kxe5 Rd8 48. Ne4 b6 49. Be6 a5 50. Bg4 Kf7 51. d7 Ke7 52. Kd5 Rxd7+ 53. Bxd7 Kxd7 54. Nf6+ Ke7 55. Nxh7 b5 56. Nf6 a4 57. Ng4 axb3 58. axb3 Kf7 59. Ne5+ Kg7 60. Kc6 Be7 61. h4 b4 1/2-1/2

[Event "Oregon-ch"]
[Site "Portland"]
[Date "2018.09.14"]
[Round "1"]
[White "Peng, Shunkai"]
[Black "Zhang, Gavin"]
[Result "1-0"]
[WhiteElo "2352"]
[BlackElo "2015"]
[PlyCount "81"]
[EventDate "2018.09.14"]
[EventType "tourn"]
[EventRounds "9"]
[EventCountry "USA"]
[SourceTitle "EXT 2024"]
[Source "ChessBase"]
[SourceDate "2023.10.10"]
[SourceVersion "1"]
[SourceVersionDate "2023.10.10"]
[SourceQuality "1"]

1. e4 c5 2. Nf3 e6 3. b3 Nc6 4. Bb2 d6 5. d4 cxd4 6. Nxd4 Nf6 7. Nxc6 bxc6 8. e5 Nd5 9. c4 Nc7 10. exd6 Bxd6 11. Bxg7 Rg8 12. Bc3 c5 13. Be2 Rb8 14. Bf3 e5 15. Bc6+ Ke7 16. Ba5 Bd7 17. Qf3 f5 18. Bxd7 Qxd7 19. Nc3 e4 20. Qh3 Be5 21. Rd1 Qc8 22. 0-0 Ne6 23. Nd5+ Ke8 24. Bc3 Nd4 25. Qh5+ Kf8 26. Qh6+ Rg7 27. Bxd4 cxd4 28. f4 exf3 29. Rxf3 f4 30. Re1 Qg4 31. Nxf4 Qxf3 32. Ng6+ Kg8 33. gxf3 Rxg6+ 34. Qxg6+ hxg6 35. Rxe5 Rd8 36. Rd5 Rxd5 37. cxd5 Kf7 38. Kf2 Ke7 39. Ke2 Kd6 40. Kd3 Kxd5 41. f4 1-0

[Event "Vancouver op"]
[Site "Vancouver"]
[Date "2015.08.22"]
[Round "3"]
[White "Zhang, Gavin"]
[Black "Lee, Nathan"]
[Result "0-1"]
[WhiteElo "1787"]
[BlackElo "2162"]
[PlyCount "82"]
[EventDate "2015.08.22"]
[EventType "swiss"]
[EventRounds "5"]
[EventCountry "USA"]
[SourceTitle "EXT 2017"]
[Source "ChessBase"]
[SourceDate "2016.10.25"]
[SourceVersion "1"]
[SourceVersionDate "2016.10.25"]
[SourceQuality "1"]

1. e4 c5 2. c3 d5 3. exd5 Qxd5 4. d4 Nc6 5. Nf3 e6 6. Be2 Nf6 7. Be3 cxd4 8. cxd4 Be7 9. Nc3 Qd6 10. 0-0 0-0 11. a3 a6 12. Qc2 b5 13. Rac1 Bb7 14. Rfd1 h6 15. Qb1 Rac8 16. Ne1 Na5 17. Bf3 Bxf3 18. Nxf3 Nc4 19. Nd2 Rfd8 20. Nxc4 Rxc4 21. Ne4 Nxe4 22. Qxe4 Bf6 23. Rxc4 bxc4 24. Rd2 Qd5 25. Qxd5 exd5 26. Kf1 g5 27. h4 Kg7 28. hxg5 hxg5 29. Ke2 Kg6 30. g4 Rb8 31. Kd1 Bg7 32. Kc2 f5 33. gxf5+ Kxf5 34. Rd1 Rb3 35. Rg1 Bf6 36. Rd1 g4 37. Re1 Rd3 38. Rd1 Rxd1 39. Kxd1 Ke4 40. Ke2 Bxd4 41. Bc1 Be5 0-1